| 000 | 00476cam a2200181ua 4500 | ||
|---|---|---|---|
| 020 |
_a0-87692-476-3 _c75.00 |
||
| 041 |
_aeng _h |
||
| 082 |
_a551.6 _bCRI/GE |
||
| 100 | _aCritchfield, Howard J . | ||
| 245 |
_aGeneral climatology / _cHoward J Critchfield. _hTextual Documents |
||
| 250 |
_a4 / _b. |
||
| 260 |
_aNew Delhi : _bPrentice Hall of India Pvt Ltd. , _c1992. |
||
| 300 | _a453 ; . | ||
| 365 | _a75.00 | ||
| 504 | _a | ||
| 942 | _cBK | ||
| 999 |
_c9607 _d9607 |
||